[Event "81st Georgian-ch Men 2022"]
[Site "Tbilisi"]
[Date "2022.01.29"]
[Round "5.6"]
[White "Paichadze, Luka"]
[Black "Petriashvili, Nikoloz"]
[Result "1-0"]
[WhiteElo "2566"]
[BlackElo "2428"]
[Annotator "TA"]
[PlyCount "95"]
[EventDate "2022.01.24"]
[EventType "tourn"]
[EventCountry "GEO"]
[SourceTitle "playchess.com"]
[Source "ChessBase"]
[SourceQuality "1"]

{[%evp 9,95,10,16,22,25,18,15,21,66,61,55,45,60,24,7,17,16,6,24,4,-3,-19,-21,-30,-23,-16,-13,0,-7,-53,-31,-39,191,195,185,190,225,197,250,226,249,253,297,268,286,272,294,288,290,268,276,222,250,238,338,319,319,165,437,405,643,455,458,461,468,472,437,437,471,467,683,650,683,578,537,461,1020,1020,958,963,1174,970,1174,1174,1089,1058,672,637]} 1. e4 c5 2. Nf3 g6 3. c3 d5 4. e5 Nc6 5. Bb5 Qb6 6. Bxc6+ {B27: Sicilian: 2 Nf3, unusual Black 2nd moves.} bxc6 7. O-O Nh6 8. d4 {The position is equal.} Bg7 (8... Nf5 $11) 9. Nbd2 $14 {[#]} cxd4 $146 ({Predecessor:} 9... O-O 10. Nb3 c4 11. Nc5 f6 12. exf6 exf6 13. Re1 Nf5 14. Qe2 Qc7 15. g3 Qf7 {0-1 (43) Mikes,J (2038)-Cajbel,M (2191) Teplice 2013}) 10. cxd4 O-O 11. Nb3 f6 12. exf6 exf6 13. Bf4 a5 14. Qd2 Nf5 15. h3 g5 16. Bh2 h5 17. Qc3 g4 18. hxg4 hxg4 19. Nfd2 (19. Ne1 $1 $11 {is superior.}) 19... a4 20. Nc5 Nxd4 $2 {A mistake that costs the game.} 21. Qxd4 $18 f5 22. Qe3 f4 23. Bxf4 d4 {[#]} (23... Rxf4 $142 24. Qxf4 Qxc5) 24. Qg3 $1 ({Weaker is} 24. Qe7 Rxf4 25. Nc4 Qa7 26. Qe8+ Rf8 27. Qxc6 Rf5 $16) 24... Qxc5 25. Bd6 Qg5 26. Bxf8 Bxf8 27. Rad1 Qg6 28. Nc4 {Prevents Bd6. Black must now prevent Nb6.} c5 29. Rfe1 Be6 30. Ne5 Qg7 31. Nd3 Bf5 (31... Bd7 $142 32. Qc7 Rc8) 32. Qf4 Bh7 33. Ne5 (33. Re6 $142) 33... g3 $2 (33... Bd6) 34. fxg3 Ra6 (34... Rc8 $142 35. Ng4 Kh8) 35. Qf3 {White is clearly winning.} Rf6 36. Qd5+ Kh8 37. Rf1 Bg8 38. Qe4 {aiming for Rxf6.} Re6 39. Rf5 {And now Rh5+ would win.} Bh7 (39... Qh7 $142 40. Re1 Bd6) 40. Rh5 Rh6 41. Rxh6 Qxh6 42. Qf3 {Threatens to win with Nf7+.} Bg8 {[#]} (42... Qe3+ $142 43. Qxe3 dxe3) 43. Ng6+ $1 {[%mdl 512]} Qxg6 44. Qxf8 Qxg3 45. Qh6+ Bh7 46. Rf1 {Rf8+ would kill now.} Qe3+ 47. Qxe3 dxe3 48. Re1 {Weighted Error Value: White=0.19 (very precise) /Black=0.49} 1-0

[Event "81st Georgian-ch Men 2022"]
[Site "Tbilisi"]
[Date "2022.01.30"]
[Round "6.1"]
[White "Pantsulaia, Levan"]
[Black "Petriashvili, Nikoloz"]
[Result "1-0"]
[WhiteElo "2579"]
[BlackElo "2428"]
[Annotator "TA"]
[PlyCount "61"]
[EventDate "2022.01.24"]
[EventType "tourn"]
[EventCountry "GEO"]
[SourceTitle "playchess.com"]
[Source "ChessBase"]
[SourceQuality "1"]

{[%evp 10,61,25,19,11,0,7,0,0,8,14,10,14,12,22,14,33,32,51,46,36,45,47,35,63,63,76,10,3,3,20,16,20,14,15,18,18,22,19,15,15,23,91,98,154,68,158,140,191,191,250,231,504,494]} 1. Nf3 d5 2. c4 c6 3. g3 Nf6 4. Bg2 dxc4 5. O-O Nbd7 6. Qc2 {[%mdl 1024] White has compensation.} Nb6 {A11: English Opening: 1...c6.} 7. a4 a5 $1 8. Na3 {[%cal Bb1a3,Ba3c2,Bc2d4,Bd4b5][%mdl 32]} Qd5 {The position is equal.} 9. Ne1 Bf5 10. Bxd5 Bxc2 {[#]} 11. Bxc6+ $1 bxc6 12. Naxc2 e6 13. d3 {[#]} Nfd5 $146 ({Predecessor:} 13... Bd6 14. Be3 Nfd5 15. Bxb6 Nxb6 16. Ne3 cxd3 17. Nxd3 Ke7 18. Rfd1 Rhc8 19. Rac1 Rab8 {½-½ (31) Martins,V (2264)-Asfora,M (2231) Recife 2009}) 14. dxc4 Nxc4 15. b3 Nd6 {[%cal Bc4d6,Bd6e4,Be4c3][%mdl 32]} 16. Nd3 Ne4 17. Nd4 Nec3 18. Bb2 (18. Re1 $1 $16) 18... c5 $11 19. Bxc3 Nxc3 20. Nb5 Nxe2+ 21. Kg2 {Hoping for Nc7+.} Rb8 22. Ne5 $36 {[%mdl 2048] White is pushing. Pair of Knights!} Nd4 23. Rfd1 f6 24. Nxd4 cxd4 25. Nc6 Rxb3 (25... Rc8 $11 26. Nxd4 Kf7) 26. Rxd4 $16 Rc3 (26... g5 $142) 27. Rd8+ Kf7 {[#]} 28. Rc8 {White is more active.} ({But not} 28. Nxa5 g5 $16) 28... Rc5 {[#]} (28... Bb4 $16 {might work better.} 29. Rxh8 Rxc6) 29. Rb1 $1 $18 e5 (29... f5 {was worth a try.} 30. Rb5 Rxc6 31. Rxc6 Bb4 32. Rc7+ Kf6) 30. Rb5 {And now Rxc5 would win.} Rg8 $2 {[#]} (30... Rxb5 $2 31. axb5 Rg8 32. b6 (32. Nxa5 Be7 $18)) (30... Rxc6 31. Rxc6 Bb4 32. Rc7+ Kg6) 31. Rxf8+ $1 {[%mdl 576] Remove Defender.  Weighted Error Value: White=0.06 (flawless) /Black=0.32} 1-0

[Event "81st Georgian-ch Men 2022"]
[Site "Tbilisi"]
[Date "2022.01.30"]
[Round "6.2"]
[White "Gagunashvili, Merab"]
[Black "Paichadze, Luka"]
[Result "0-1"]
[WhiteElo "2573"]
[BlackElo "2566"]
[Annotator "TA"]
[PlyCount "106"]
[EventDate "2022.01.24"]
[EventType "tourn"]
[EventCountry "GEO"]
[SourceTitle "playchess.com"]
[Source "ChessBase"]
[SourceQuality "1"]

{[%evp 9,106,20,22,9,9,0,0,-26,-31,-45,-18,-52,-27,-20,-37,-36,-27,-80,-62,-66,-70,-90,-99,-96,-97,-95,-86,-99,-94,-111,-104,-103,-101,-100,-105,-102,-92,-101,-93,-108,-95,-99,-95,-104,-101,-110,-104,-98,-87,-146,-122,-109,-113,-152,-149,-157,-126,-153,-157,-172,-169,-180,-145,-267,-256,-244,-244,-320,-294,-556,-551,-707,-707,-685,-688,-735,-728,-727,-719,-1025,-1006,-1014,-990,-808,-417,-422,-393,-576,-570,-640,-439,-29972,-29968,-29972,-29946,-29985,-29986,-29986,-29986]} 1. c4 Nf6 2. Nc3 e5 3. g3 c6 4. d4 e4 5. Bg5 Bb4 $1 6. Bg2 {A23: English Opening: 1...e5 2 Nc3 Nf6 3 g3 c6.} d5 7. Qb3 Bxc3+ 8. bxc3 {The position is equal.} Nbd7 $1 9. Nh3 O-O 10. O-O h6 (10... dxc4 {seems wilder.} 11. Qxc4 h6 12. Bxf6 Nxf6 13. Qb3 Re8) 11. Bxf6 Nxf6 12. cxd5 cxd5 {[#]} 13. c4 $146 (13. f3 $11) ({Predecessor:} 13. f3 exf3 14. exf3 Bxh3 15. Bxh3 Qc7 16. Rfe1 Rfe8 17. Kf2 h5 18. Rxe8+ Rxe8 19. Re1 Rxe1 20. Kxe1 {0-1 (27) Zniber,R (1990)-Demuth,A (2517) Angers 2019}) 13... dxc4 14. Qxc4 Bg4 15. f3 exf3 16. exf3 Be6 17. Qb4 Nd5 18. Qd2 Rc8 19. Rac1 Rxc1 20. Rxc1 Qb6 21. Rc2 Rd8 22. Rb2 {Prevents Nb4.} Qc7 23. f4 Nb6 {Black is more active.} 24. Nf2 Qd7 {Hoping for ...Nc4.} 25. Rb4 Nd5 26. Rb1 b6 27. Rd1 Rc8 28. Bf3 f6 29. g4 (29. Re1 $142) 29... Qc7 30. f5 Bf7 31. Nd3 Qd6 32. Rc1 {Inhibits Nc3.} Rd8 {[%cal Bc8d8,Bd8d5,Bd5d4,Bd4c4][%mdl 32]} 33. Nf2 Qa3 34. Bg2 a5 35. Rc6 {[#]} Qa4 $1 36. Bxd5 (36. Rc1 $17 {was the only defense.}) 36... Rxd5 $19 ({Worse is} 36... Bxd5 37. Rxb6 Qa3 38. Qe2 $17) 37. Rxb6 Rxd4 38. Rb8+ Kh7 39. Qc3 (39. Qe3 {was worth a try.}) 39... Rc4 40. Qd2 Qc6 41. Rb1 {Inhibits Rc1+.} Qc5 {( -> ...Rxg4+)} 42. h3 Rc2 43. Qf4 Bxa2 44. Re1 Bd5 {Threatens to win with ...Rc3.} 45. h4 Rc4 46. Qe3 a4 {[%cal Ba5a4,Ba4a3,Ba3a2][%mdl 32]} 47. Qxc5 Rxc5 {[%mdl 4096] Endgame KRB-KRN} 48. g5 (48. Ra1 $142 Rc4 49. Kf1) 48... hxg5 {Strongly threatening ...a3.} 49. hxg5 fxg5 {aiming for ...a3.} 50. Re7 {[#]} (50. Re3 $19) 50... a3 {Black mates.} 51. Ng4 a2 52. Nf6+ Kh6 53. Ng4+ Kh5 {Weighted Error Value: White=0.51/Black=0.15 (very precise)} 0-1

[Event "81st Georgian-ch Men 2022"]
[Site "Tbilisi"]
[Date "2022.01.30"]
[Round "6.3"]
[White "Lortkipanidze, Nodar"]
[Black "Tutisani, Noe"]
[Result "1/2-1/2"]
[WhiteElo "2407"]
[BlackElo "2419"]
[Annotator "RC"]
[PlyCount "112"]
[EventDate "2022.01.24"]
[EventType "tourn"]
[EventCountry "GEO"]
[SourceTitle "playchess.com"]
[Source "ChessBase"]
[SourceQuality "1"]
[TimeControl "5400+30"]

1. c4 {[%emt 0:09:39]} g6 {[%emt 0:00:48]} 2. Nc3 {[%emt 0:01:47]} Bg7 {[%emt 0:00:05]} 3. g3 {[%emt 0:00:09]} c5 {[%emt 0:00:25]} 4. Bg2 {[%emt 0:00:07]} Nc6 {[%emt 0:00:04]} 5. d3 {[%emt 0:00:12]} d6 {[%emt 0:00:15]} 6. e4 {[%emt 0:00:10]} Nf6 {[%emt 0:01:02]} 7. Nge2 {[%emt 0:00:28]} O-O {[%emt 0:00:12]} 8. O-O {[%emt 0:00:04]} Rb8 {[%emt 0:02:33]} 9. Rb1 {[%emt 0:00:07]} a6 {[%emt 0:00:13]} 10. a3 {[%emt 0:00:16]} b5 {[%emt 0:01:41]} 11. cxb5 {[%emt 0:00:09]} axb5 {[%emt 0:00:03]} 12. b4 {[%emt 0:00:05]} cxb4 {[%emt 0:00:39]} 13. axb4 {[%emt 0:00:05]} e5 {[%emt 0:00:11]} 14. h3 {[%emt 0:02:51]} Ne8 {[%emt 0:07:41]} 15. Be3 {[%emt 0:02:18]} Nd4 {[%emt 0:03:11]} 16. Bxd4 {[%emt 0:00:22]} exd4 {[%emt 0:00:06]} 17. Nd5 {[%emt 0:00:03]} Nc7 {[%emt 0:00:27]} 18. Nc1 {[%emt 0:04:18]} Nxd5 {[%emt 0:05:08]} 19. exd5 {[%emt 0:00:05]} Qc7 {[%emt 0:00:02]} 20. Nb3 {[%emt 0:01:10]} f5 {[%emt 0:07:22]} 21. Rc1 {[%emt 0:01:03]} Qf7 {[%emt 0:01:04]} 22. Qf3 {[%emt 0:04:41]} h5 {[%emt 0:09:01]} 23. Rfe1 {[%emt 0:01:07]} g5 {[%emt 0:01:23]} 24. Rc6 {[%emt 0:02:15]} Be5 {[%emt 0:07:21]} 25. Rxe5 {[%emt 0:11:03]} dxe5 {[%emt 0:02:40]} 26. Nc5 {[%emt 0:00:32]} g4 {[%emt 0:22:08]} 27. hxg4 {[%emt 0:03:56]} hxg4 {[%emt 0:00:10]} 28. Qe2 {[%emt 0:00:08]} Ra8 {[%emt 0:00:05]} 29. Qxe5 {[%emt 0:01:21]} Ra1+ {[%emt 0:01:10]} 30. Bf1 {[%emt 0:00:06]} Qg7 {[%emt 0:07:00]} 31. Qf4 {[%emt 0:07:59]} Re8 {[%emt 0:00:56]} 32. Rc7 {[%emt 0:00:50]} Qg6 {[%emt 0:01:41]} 33. Qxd4 {[%emt 0:20:19]} Rxf1+ {[%emt 0:00:29]} 34. Kxf1 {[%emt 0:00:04]} Qh6 {[%emt 0:00:03]} 35. Qe3 {[%emt 0:06:08]} Qh1+ {[%emt 0:00:16]} 36. Ke2 {[%emt 0:00:04]} Rxe3+ {[%emt 0:00:10]} 37. fxe3 {[%emt 0:00:35]} Qg2+ {[%emt 0:00:22]} 38. Kd1 {[%emt 0:00:04]} Qxg3 {[%emt 0:00:07]} 39. Rxc8+ {[%emt 0:00:06]} Kf7 {[%emt 0:00:05]} 40. e4 {[%emt 0:00:26]} fxe4 {[%emt 0:00:35]} 41. dxe4 {[%emt 0:00:04]} Qf3+ {[%emt 0:00:13]} 42. Kc2 {[%emt 0:00:52]} Qe2+ {[%emt 0:00:10]} 43. Kc3 {[%emt 0:00:12]} Qc4+ {[%emt 0:01:05]} 44. Kd2 {[%emt 0:00:26]} g3 {[%emt 0:02:05]} 45. Rc7+ {[%emt 0:00:42]} Kg6 {[%emt 0:00:06]} 46. Rc6+ {[%emt 0:00:32]} Kh5 {[%emt 0:00:19]} 47. Nd3 {[%emt 0:00:56]} Qxe4 {[%emt 0:03:43]} 48. Re6 {[%emt 0:00:11]} Qd4 {[%emt 0:00:13]} 49. Re2 {[%emt 0:00:58]} Kg4 {[%emt 0:00:36]} 50. d6 {[%emt 0:00:45]} Qxd6 {[%emt 0:00:25]} 51. Re4+ {[%emt 0:00:09]} Kh3 {[%emt 0:01:11]} 52. Ke2 {[%emt 0:00:18]} Qf6 {[%emt 0:00:46]} 53. Rf4 {[%emt 0:00:25]} Qe6+ {[%emt 0:00:20]} 54. Kf1 {[%emt 0:01:14]} Qe3 {[%emt 0:00:08]} 55. Nf2+ {[%emt 0:00:09]} gxf2 {[%emt 0:00:52]} 56. Rf3+ {[%emt 0:00:04]} Qxf3 {[%emt 0:00:01]} 1/2-1/2

[Event "81st Georgian-ch Men 2022"]
[Site "Tbilisi"]
[Date "2022.01.30"]
[Round "6.4"]
[White "Chkhaidze, Nikoloz"]
[Black "Mchedlishvili, Mikheil"]
[Result "1-0"]
[WhiteElo "2268"]
[BlackElo "2587"]
[Annotator "TA"]
[PlyCount "91"]
[EventDate "2022.01.24"]
[EventType "tourn"]
[EventCountry "GEO"]
[SourceTitle "playchess.com"]
[Source "ChessBase"]
[SourceQuality "1"]

{[%evp 18,91,43,12,14,9,21,0,0,0,2,0,39,28,27,26,17,0,0,0,10,-73,-65,-74,-54,-75,-69,-73,-52,-61,-54,-66,-54,-57,-5,-173,-168,-146,-87,-218,-212,-212,-190,-254,-237,-316,-325,-289,-284,-314,-206,-571,-521,-1110,-1029,-993,-475,-1243,-922,-897,-181,-181,-81,-81,-81,-81,-81,-81,-74,-81,-81,-81,-81,-81,29989,29990]} 1. d4 Nf6 2. c4 g6 3. Nc3 Bg7 4. e4 d6 5. Nf3 O-O 6. Be2 Nbd7 7. O-O e5 8. Re1 Re8 9. Bf1 a6 10. Rb1 exd4 {E95: King's Indian: Classical: 7...Nbd7 8 Re1.} 11. Nxd4 {[#]} Ne5 $146 ({Predecessor:} 11... c6 12. Bf4 Ne5 13. h3 Be6 14. b3 c5 15. Nxe6 Rxe6 16. Qd2 Nc6 17. Bd3 Nb4 18. Nd5 Nxd3 19. Qxd3 Nxd5 20. exd5 Rxe1+ 21. Rxe1 {½-½ (37) Wojtaszek,R (2736)-Jones,G (2664) Bilbao 2014}) 12. Bg5 {[%cal Bc1g5,Bg5h4,Bh4f2][%mdl 32]} h6 {The position is equal.} 13. Bh4 c6 14. f4 Ned7 15. Nf3 Qc7 16. Bf2 {[%cal Oc4c5]} b5 17. a3 Bb7 18. Rc1 {[%cal Rc4b5]} c5 {[%cal Rf6e4]} 19. e5 (19. Qc2 $11) 19... dxe5 $17 20. cxb5 Ng4 21. bxa6 Nxf2 22. Kxf2 Bc6 {White must now prevent ...e4. This bishop pair is nice.} 23. Bb5 $1 Bxb5 $1 24. Nxb5 Qc6 $36 {[%mdl 2048] Black is more active.} 25. a4 ({But not} 25. Nd6 Re6 26. Nc4 e4 $17) 25... e4 (25... Rxa6 $15 26. Kg1 e4) 26. Nfd4 $2 Qxa6 27. Ne2 Qc6 ({Black should play} 27... Nf6 $1 {[%cal Rf6g4]} 28. Nec3 Rad8) 28. b4 (28. Qd6 $17 e3+ 29. Kg3 Qxd6 30. Nxd6) 28... Red8 $1 $19 {[%cal Od7e5] aiming for ...Ne5!} 29. Qc2 Bf8 30. Red1 (30. Kf1 $142) 30... Qb6 $1 31. Rxd7 Rxd7 32. bxc5 Qc6 {[%cal Oe4e3] Strongly threatening ...e3+!} 33. Ned4 Qf6 {[%csl LRd4,LRf4]} 34. Ne2 (34. Ke3 Rad8 35. Qc3) 34... e3+ 35. Kxe3 Re8+ 36. Kf2 {[#]} Rd5 (36... Rxe2+ $142 $1 {[%mdl 512]} 37. Kxe2 Qxf4) 37. c6 (37. Kg1 $142 Rxc5 38. Nbc3 Rxe2 39. Qxe2 Qd4+ 40. Kh1 (40. Qf2 $2 Rxc3 41. Rxc3 Qxc3 $19) 40... Rxc3 41. Rxc3 Qxc3 42. g3) 37... Bc5+ 38. Qxc5 Rxc5 $2 (38... Qh4+ 39. Kf1 {[#]} Rxe2 $1 {[%mdl 512]}) 39. Rxc5 Qb2 (39... Rc8 $19 {is more deadly.} 40. Nbd4 Qe7) 40. Re5 $17 Rc8 41. c7 Qc2 42. Rd5 {And now Rd8+ would win.} Kg7 43. Rd8 Rxc7 44. Nxc7 Qxc7 45. Rd4 Qc3 $2 {[%mdl 8192]} 46. Nxc3 {White used his chance.  Weighted Error Value: White=0.62/Black=0.63} 1-0

[Event "81st Georgian-ch Men 2022"]
[Site "Tbilisi"]
[Date "2022.01.30"]
[Round "6.5"]
[White "Kacharava, Nikolozi"]
[Black "Sanikidze, Tornike"]
[Result "1-0"]
[WhiteElo "2469"]
[BlackElo "2464"]
[Annotator "TA"]
[PlyCount "71"]
[EventDate "2022.01.24"]
[EventType "tourn"]
[EventCountry "GEO"]
[SourceTitle "playchess.com"]
[Source "ChessBase"]
[SourceQuality "1"]

{[%evp 30,71,25,15,31,21,35,27,15,18,33,20,69,50,88,81,124,127,106,128,112,110,128,90,87,72,87,81,102,86,145,145,152,164,602,640,642,634,1035,63,1028,1022,900,876]} 1. e4 e5 2. Nf3 Nc6 3. Bb5 {[%cal Bf1b5,Bb5a4,Ba4b3][%mdl 32]} a6 4. Ba4 Nf6 5. O-O Be7 6. Re1 b5 7. Bb3 d6 8. c3 O-O 9. h3 Re8 10. d4 Bb7 11. Ng5 Rf8 12. Nf3 Re8 13. Nbd2 Bf8 14. a3 g6 15. Ba2 Bg7 16. b4 Qd7 {C92: Closed Ruy Lopez: 9...Be6, Karpov and Flohr-Zaitsev Variations.} 17. Bb2 Rad8 18. Rc1 {[#]} Nh5 $146 {[%cal Bf6h5,Bh5f4,Bf4e2][%mdl 32] White has an edge.} ({Predecessor:} 18... d5 19. exd5 Nxd5 20. Ne4 Qf5 21. Nc5 Bc8 22. Bb1 Qf6 23. Ne4 Qe7 24. Ba2 Be6 25. Nc5 Nxc3 26. Rxc3 Bxa2 {0-1 (63) Sjugirov,S (2610)-Inarkiev,E (2671) Irkutsk 2010}) 19. Nf1 Nf4 20. Ng3 Qe7 (20... Na7 $11) 21. Ne2 $14 Nxe2+ 22. Qxe2 Nb8 ({Better is} 22... Rc8) 23. dxe5 $1 $16 dxe5 24. c4 c6 25. Qe3 Nd7 26. Qa7 Nf8 27. Rcd1 Ra8 28. Qb6 Reb8 29. cxb5 cxb5 {[#]} ({Black should try} 29... axb5 30. Rd3 h6) 30. Qe3 $1 {White is much more active.} h6 {[#] Prevents Ng5.} 31. Qb3 $1 {[%cal Ob2e5]} Nh7 $2 {[#]} (31... Bc8) 32. Nxe5 $1 $18 {[%mdl 512]} Bxe5 33. Bxe5 Qxe5 34. Qxf7+ Kh8 35. Rd7 {[%csl Gd7][%cal Rf7h7]} Ng5 36. Qxg6 {Weighted Error Value: White=0.03 (flawless) /Black=0.59} 1-0

[Event "81st Georgian-ch Men 2022"]
[Site "Tbilisi"]
[Date "2022.01.30"]
[Round "6.6"]
[White "Akhvlediani, Irakli"]
[Black "Quparadze, Giga"]
[Result "0-1"]
[WhiteElo "2430"]
[BlackElo "2477"]
[Annotator "TA"]
[PlyCount "90"]
[EventDate "2022.01.24"]
[EventType "tourn"]
[EventCountry "GEO"]
[SourceTitle "playchess.com"]
[Source "ChessBase"]
[SourceQuality "1"]

{[%evp 13,90,25,21,26,25,24,22,31,28,26,23,26,27,0,0,0,0,0,0,0,0,-2,0,0,0,0,0,0,0,0,0,0,0,-3,-8,-8,0,0,0,0,0,0,0,0,0,0,0,-3,0,0,0,-33,-33,-40,-41,-225,-225,-316,-305,-584,-566,-534,-538,-787,-697,-844,-782,-1568,-1460,-1410,-1376,-1642,-1492,-2253,-2518,-5700,-5302,-4806,-2622]} 1. d4 Nf6 2. c4 e6 3. Nf3 b6 4. g3 Bb7 5. Bg2 Bb4+ 6. Bd2 c5 7. Bxb4 {is recently more successful than 7.0-0.} cxb4 8. a3 {E16: Queen's Indian: 4 g3 Bb7 5 Bg2 Bb4+.} bxa3 9. Nxa3 O-O 10. O-O {The position is equal.} a5 11. Nb5 d5 12. Ne5 Nc6 {[#]} 13. Nxc6 $146 (13. Qa4 {with more complications.} Rc8 14. Rfc1 dxc4 15. Qd1 Nd5 16. Nxc4 Ba6 17. Ncd6) ({Predecessor:} 13. Qd2 Nb4 14. Rfc1 Nd7 15. Nd6 Ba6 16. cxd5 exd5 17. Bh3 Nf6 18. Ndxf7 {1-0 (18) Delaney,A (2018)-McDonagh,M (1703) FICGS email 2015}) 13... Bxc6 14. Nc3 Rc8 15. cxd5 $1 Nxd5 16. Nxd5 Bxd5 17. e4 Bc4 18. Re1 Qd6 19. b3 Bb5 20. Qd2 Rfd8 21. Red1 h6 22. h4 Rc7 23. d5 exd5 24. exd5 Rdc8 25. Rac1 Bd7 26. Rxc7 Rxc7 27. Re1 Rc8 28. Re3 Ra8 29. Kh2 b5 30. Bh3 $1 Bc6 31. Rd3 Be8 32. Qf4 Qxf4 33. gxf4 $15 {[%mdl 4096] Endgame KRB-KRB} a4 {[%cal Ba5a4,Ba4a3][%mdl 32]} 34. d6 $2 {White does not recover from this.} ({Only move:} 34. bxa4 $15 bxa4 35. d6) 34... a3 $19 {Strongly threatening ...a2.} 35. Rd1 (35. d7 $142 Bxd7 36. Bxd7) 35... b4 $1 36. d7 $2 {[#]} (36. Bf5) 36... Bxd7 $1 {[%mdl 512] Black is clearly winning.} 37. Bxd7 {[#] KRB-KR} (37. Rxd7 a2) 37... Rd8 $1 ({Weaker is} 37... a2 38. Ra1 $16) 38. f5 {[#]} Kf8 $1 39. f6 gxf6 {...Ke7 is the strong threat.} 40. Kg3 Ke7 41. Re1+ Kxd7 42. Kg4 Kc6 43. Kh5 Rd3 44. Kxh6 Rxb3 {Threatens to win with ...a2.} 45. h5 Rh3 {Weighted Error Value: White=0.71/Black=0.00 (flawless)} 0-1

[Event "81st Georgian-ch Men 2022"]
[Site "Tbilisi"]
[Date "2022.02.01"]
[Round "7.1"]
[White "Quparadze, Giga"]
[Black "Pantsulaia, Levan"]
[Result "1/2-1/2"]
[WhiteElo "2477"]
[BlackElo "2579"]
[Annotator "TA"]
[PlyCount "27"]
[EventDate "2022.01.24"]
[EventType "tourn"]
[EventCountry "GEO"]
[SourceTitle "playchess.com"]
[Source "ChessBase"]
[SourceQuality "1"]

{[%evp 23,27,0,0,0,1,0]} 1. e4 e5 2. Nf3 Nc6 3. Bb5 Nf6 4. O-O Nxe4 5. d4 {[%cal Bd2d4,Bd4e5][%mdl 32]} Nd6 6. dxe5 Nxb5 7. a4 Nbd4 8. Nxd4 Nxd4 9. Qxd4 d5 10. exd6 Qxd6 11. Qe4+ Qe6 12. Qd4 Qd6 {[#]} 13. Qe4+ $146 {C67: Ruy Lopez: Berlin Defence: 4 0-0 Nxe4.} ({Predecessor:} 13. Qe3+ Be6 14. Nc3 Qc6 15. Nb5 Bc5 16. Qc3 O-O 17. Bf4 Rfc8 18. Nd4 Bxd4 19. Qxd4 Rd8 20. Qb4 a5 {½-½ (32) Wei,Y (2732)-Grischuk,A (2777) Chess.com INT 2020}) 13... Qe6 14. Qd4 {A rather calm draw.} 1/2-1/2

[Event "81st Georgian-ch Men 2022"]
[Site "Tbilisi"]
[Date "2022.02.01"]
[Round "7.2"]
[White "Sanikidze, Tornike"]
[Black "Akhvlediani, Irakli"]
[Result "1-0"]
[WhiteElo "2464"]
[BlackElo "2430"]
[Annotator "TA"]
[PlyCount "111"]
[EventDate "2022.01.24"]
[EventType "tourn"]
[EventCountry "GEO"]
[SourceTitle "playchess.com"]
[Source "ChessBase"]
[SourceQuality "1"]

{[%evp 13,111,12,12,12,19,8,7,0,31,22,25,24,22,28,27,14,11,17,20,19,25,25,19,23,25,0,25,16,47,45,43,39,44,40,33,35,35,31,37,31,41,28,71,62,54,40,70,70,71,71,71,71,93,71,93,81,165,71,71,0,158,151,311,311,311,311,311,311,311,311,368,368,843,302,302,254,237,0,302,302,1039,793,1440,1297,1303,1241,4914,5069,8624,5828,29968,29969,2512,2112,29974,5670,29974,29972,29982,29983]} 1. d4 d5 2. c4 e6 3. Nf3 Nf6 4. Nc3 Be7 5. Bf4 O-O 6. e3 b6 7. cxd5 Nxd5 8. Nxd5 {D37: Queen's Gambit Declined: 5 Bf4.} Qxd5 9. Be2 Ba6 10. O-O {[#] The position is equal.} Bxe2 $146 ({Predecessor:} 10... c5 11. Bxa6 Nxa6 12. dxc5 Qxd1 13. Rfxd1 Nxc5 14. Kf1 Rfc8 15. Rac1 Kf8 16. Bd6 Na4 17. Bxe7+ Kxe7 {0-1 (50) Basso,P (2417)-Brunello,S (2557) Rome 2016}) 11. Qxe2 c5 12. Rfd1 Qb7 ({Don't do} 12... Nc6 13. dxc5 Qe4 14. cxb6 axb6 15. a3 $16) 13. dxc5 Bxc5 14. Rac1 {[%cal Ob2b4]} Nc6 {[%cal Bb8c6,Bc6b4,Bb4d5,Bd5f4][%mdl 32]} 15. Ng5 {[%cal Bf3g5,Bg5e4,Be4f6][%mdl 32]} Nb4 {Inhibits Qc2.} 16. a3 Nd5 17. Qc2 {[%csl Gg5][%cal Rc2h7]} g6 18. Qe4 {b4 is the strong threat.} Rad8 19. Qf3 Be7 20. Ne4 Nxf4 {[#]} 21. Nf6+ $1 {[%mdl 64] Discovered Attack} Bxf6 22. Qxb7 Ne2+ 23. Kf1 Nxc1 24. Rxc1 {aiming for b4.} Bxb2 25. Rc7 Bxa3 26. Qxa7 Bc5 27. g3 {[%mdl 1024] White has compensation.} Rd1+ (27... Rc8 $11) 28. Ke2 Rd5 29. g4 h5 30. h3 hxg4 31. hxg4 Rdd8 32. Qa1 e5 33. Rb7 ({But not} 33. Qxe5 $6 Bd6 34. Qc3 Bxc7 35. Qxc7 Rb8 $11) 33... Rd5 34. Qa7 {[%cal Ob7f7] Threatens to win with Rxf7!} Rd6 (34... Rdd8 $16 35. Qa2 Rde8) 35. Qa2 (35. Re7 $1 $18 {has better winning chances.}) 35... Re6 $16 36. Qa7 (36. Rd7 $142) 36... Rd6 {[#]} 37. Re7 $1 Rd5 $2 {[#]} (37... Rdd8 $16) 38. Rxf7 $3 $18 {[%mdl 512] Intending Rg7+ and mate.} Rd2+ 39. Kxd2 {White threatens Rg7+ and mate.} Rxf7 {[%mdl 4096] Endgame KQ-KRB} 40. Qa8+ Kg7 41. Ke2 Re7 42. g5 Rf7 $2 (42... Re6 43. Kd3 Kf7) 43. Qd5 $2 (43. Qh1 {Hoping for Qh6+.} Kg8 44. Qd5) 43... Rf5 44. Qd8 Kf7 45. Qd5+ Kg7 46. Qb7+ Rf7 $2 (46... Kg8 47. Qd5+ Kg7) 47. Qh1 Kg8 48. Qd5 e4 49. Qxe4 Rf5 50. f4 Kg7 51. Qh1 {Black must now prevent Qh6+.} Bf8 52. Qb7+ Rf7 53. Qxb6 {White wants to mate with Kf3.} Kh7 54. Qe6 (54. e4 $142 Rg7 55. f5 gxf5 56. Qf6 fxe4 57. Qxf8 Rxg5 58. Ke3 Rg1 59. Qf7+ Rg7 60. Qh5+ Kg8 61. Kxe4) 54... Kg7 55. Kf3 Re7 56. Qf6+ {Weighted Error Value: White=0.28 (precise) /Black=0.61} 1-0